A TEXTBOOK OF FLUID MECHANICS (Record no. 63150)
[ view plain ]
| 000 -LEADER | |
|---|---|
| fixed length control field | 00232nam a2200097Ia 4500 |
| 050 ## - LIBRARY OF CONGRESS CALL NUMBER | |
| Classification number | TA357.B36.C.1 |
| 100 ## - MAIN ENTRY--PERSONAL NAME | |
| Personal name | R.K.BANSAL |
| 245 #2 - TITLE STATEMENT | |
| Title | A TEXTBOOK OF FLUID MECHANICS |
| 942 ## - ADDED ENTRY ELEMENTS (KOHA) | |
| Koha item type | Long Loan Book |
| Withdrawn status | Lost status | Source of classification or shelving scheme | Damaged status | Not for loan | Collection | Home library | Current library | Shelving location | Date acquired | Inventory number | Total checkouts | Full call number | Barcode | Date last seen | Copy number | Price effective from | Koha item type |
|---|---|---|---|---|---|---|---|---|---|---|---|---|---|---|---|---|---|
| Library of Congress Classification | Science & Technology | Kisii University Library | Kisii University Library | On Display | 08/07/2024 | 61193 | TA 357.B36 2005 | 036660 | 08/07/2024 | C.1 | 08/07/2024 | Long Loan Book |